01004nam a2200289 i 4500001001000000003000900010005001700019007000300036008004100039040003000080082002000110100003700130245005900167264009000226300004500316336002700361337003300388338002900421490002000450504004100470590002800511830001000539910000700549942001400556952012700570999001700697000007218DO-SdBNP20230623113620.0ta090907s1976 dr a 001 0 spa d aDO-SdBNPbspacBNPHUerda axxxxbL961a2221 aLuna Calderón, Fernando92002310aAtlas de patología osea /cFernando Luna Calderón. aSan Pedro de Macorís, República Dominicana :bUniversidad Central del Este,c1976 a119 paginas. :bilustraciones. ;c23 cm. 2rdacontentatextobtxt 2rdamediaasin mediaciónbn 2rdacarriaeravolumenbnc1 aCientíficav2 aIncluye referencias bibliográficas aInventariado, 2023 / DG 920024 aDG 2ddccLBS1 00102ddc51708PDaBNPHUbBNPHUcCTd2023-06-23edonadol0oBNPHU PD xxxx L961ap2023-2720r2023-06-23w2023-06-23yLBS1 c53925d53925